[Event "BL 1920 SC Viernheim - SG Turm Kiel"]
[Site "?"]
[Date "2019.12.08"]
[Round "4.3"]
[White "Salgado Lopez, Ivan"]
[Black "Kovalenko, Igor"]
[Result "0-1"]
[WhiteElo "2605"]
[BlackElo "2647"]
[PlyCount "95"]
[EventDate "2019.??.??"]

1. e4 c5 2. Nf3 Nc6 3. d4 cxd4 4. Nxd4 Nf6 5. Nc3 e6 6. Nxc6 bxc6 7. e5 Nd5 8.
Ne4 Bb7 9. Be2 c5 10. O-O Qc7 11. Nd6+ Bxd6 12. exd6 Qc6 13. f3 Nb6 14. Qd3 c4
15. Qd4 O-O 16. h4 e5 17. Qe4 Qxe4 18. fxe4 Bxe4 19. Rf2 Rfc8 20. b3 Rc6 21.
Ba3 a5 22. Re1 a4 23. b4 f6 24. Bg4 Bd5 25. c3 Rcc8 26. Bc1 Be6 27. Bf3 Nd5 28.
Bxd5 Bxd5 29. g4 Re8 30. Be3 Kf7 31. Bc5 Ke6 32. Kh2 Rf8 33. Kg3 h5 34. g5 f5
35. Rfe2 Be4 36. Rxe4 fxe4 37. Rxe4 Kd5 38. Re2 Rf4 39. Rd2+ Kc6 40. Re2 Re8
41. Re1 g6 42. Re2 Rf5 43. Kg2 e4 44. Re1 Rf4 45. Bf2 Rg4+ 46. Bg3 Rf8 47. Re3
Rf5 48. Kh3 0-1

[Event "BL 1920 SC Viernheim - SG Turm Kiel"]
[Site "?"]
[Date "2019.12.08"]
[Round "4.4"]
[White "Fedorchuk, Sergey A"]
[Black "Dziuba, Marcin"]
[Result "1/2-1/2"]
[WhiteElo "2636"]
[BlackElo "2585"]
[PlyCount "84"]
[EventDate "2019.??.??"]

1. e4 c6 2. Nc3 d5 3. Nf3 Bg4 4. h3 Bxf3 5. Qxf3 e6 6. g3 Nf6 7. Bg2 Be7 8. O-O
O-O 9. d3 a5 10. a4 Na6 11. Qe2 Re8 12. Kh1 d4 13. Nb1 Nc5 14. f4 g6 15. Qf2
Nh5 16. Nd2 f5 17. e5 Na6 18. Nf3 c5 19. Nd2 Nb4 20. Nc4 Qc7 21. Bf3 Ng7 22.
Qg2 Rab8 23. Bd2 b6 24. c3 dxc3 25. bxc3 Nxd3 26. Rab1 Red8 27. Rb5 h6 28. Qe2
g5 29. Bg2 Rd7 30. Be3 gxf4 31. gxf4 Qd8 32. Rfb1 Bf8 33. Nxb6 Rxb6 34. Rxb6
Qh4 35. Rd6 Nxf4 36. Bxf4 Bxd6 37. Qe3 Bf8 38. Bxh6 Qxa4 39. Rb8 Qd1+ 40. Kh2
Rd8 41. Rb7 Rd7 42. Rb8 Rd8 1/2-1/2

[Event "BL 1920 SC Viernheim - SG Turm Kiel"]
[Site "?"]
[Date "2019.12.08"]
[Round "4.5"]
[White "Thybo, Jesper Sondergaard"]
[Black "Libiszewski, Fabien"]
[Result "1-0"]
[WhiteElo "2576"]
[BlackElo "2526"]
[PlyCount "51"]
[EventDate "2019.??.??"]

1. d4 d5 2. c4 e6 3. Nf3 a6 4. cxd5 exd5 5. Nc3 h6 6. Qb3 Nf6 7. e4 Nxe4 8.
Nxe4 dxe4 9. Ne5 Be6 10. Bc4 Bxc4 11. Qxc4 Qe7 12. O-O Nd7 13. Bf4 Nxe5 14.
dxe5 O-O-O 15. Rad1 g5 16. Rxd8+ Qxd8 17. Bg3 h5 18. h3 Qd3 19. Qxf7 Bc5 20.
Qf5+ Kb8 21. e6 Qxg3 22. Qxc5 Qf4 23. Rd1 b6 24. Qc6 e3 25. e7 Ka7 26. Rd8 1-0

[Event "BL 1920 SC Viernheim - SG Turm Kiel"]
[Site "?"]
[Date "2019.12.08"]
[Round "4.6"]
[White "Abergel, Thal"]
[Black "Bjerre, Jonas Buhl"]
[Result "1/2-1/2"]
[WhiteElo "2477"]
[BlackElo "2526"]
[PlyCount "51"]
[EventDate "2019.??.??"]

1. e4 c5 2. Nf3 d6 3. d4 cxd4 4. Nxd4 Nf6 5. Nc3 a6 6. Bg5 Nbd7 7. Bc4 Qb6 8.
Bb3 e6 9. Qd2 Be7 10. O-O-O Nc5 11. Rhe1 h6 12. Bxf6 Bxf6 13. f4 Bd7 14. Kb1
O-O-O 15. e5 dxe5 16. fxe5 Be7 17. Qf4 Rhf8 18. Qg3 g6 19. Qf4 h5 20. g3 Kb8
21. h4 a5 22. a4 Nxb3 23. cxb3 Bb4 24. Ka2 Bc6 25. Nxc6+ Qxc6 26. Rxd8+ 1/2-1/2

[Event "BL 1920 SC Viernheim - SG Turm Kiel"]
[Site "?"]
[Date "2019.12.08"]
[Round "4.7"]
[White "Hector, Jonny"]
[Black "Tarlev, Konstantin"]
[Result "1/2-1/2"]
[WhiteElo "2475"]
[BlackElo "2573"]
[PlyCount "40"]
[EventDate "2019.??.??"]

1. e4 e5 2. Nf3 Nc6 3. d4 exd4 4. Nxd4 Nf6 5. Nxc6 bxc6 6. Bd3 d5 7. exd5 cxd5
8. O-O Be7 9. c4 O-O 10. cxd5 Bb7 11. Nc3 Nxd5 12. Bd2 Rb8 13. Re1 Bf6 14. Be4
Nxc3 15. Bxc3 Bxc3 16. bxc3 Qf6 17. Qd4 Qxd4 18. cxd4 Rfd8 19. g3 Kf8 20. Rac1
Bxe4 1/2-1/2

[Event "BL 1920 SC Viernheim - SG Turm Kiel"]
[Site "?"]
[Date "2019.12.08"]
[Round "4.8"]
[White "Zaragatski, Ilja"]
[Black "Pajeken, Jakob Leon"]
[Result "1-0"]
[WhiteElo "2497"]
[BlackElo "2350"]
[PlyCount "71"]
[EventDate "2019.??.??"]

1. c4 e5 2. g3 c6 3. Nf3 e4 4. Nd4 d5 5. cxd5 Qxd5 6. Nc2 Nf6 7. Nc3 Qh5 8. Ne3
Bc5 9. Qc2 Bxe3 10. fxe3 Qe5 11. Bg2 Bf5 12. O-O O-O 13. b3 Nbd7 14. Bb2 Qe6
15. Rxf5 Qxf5 16. Nxe4 Qg6 17. Qc3 Nxe4 18. Bxe4 f5 19. Bg2 Nf6 20. Rf1 Ne4 21.
Qc1 Qe6 22. d3 Nf6 23. Bd4 Nd7 24. Qb2 Rf7 25. b4 Raf8 26. Rc1 a6 27. a4 Re8
28. Kh1 Nf6 29. b5 axb5 30. axb5 Nd5 31. bxc6 bxc6 32. Bf3 Rc7 33. Rc5 Rcc8 34.
Bxd5 cxd5 35. Qb7 Qf7 36. Qxc8 1-0

[Event "BL 1920 Aachener SV - Hamburger SK"]
[Site "?"]
[Date "2019.12.08"]
[Round "4.1"]
[White "Svane, Rasmus"]
[Black "Seel, Christian"]
[Result "1-0"]
[WhiteElo "2597"]
[BlackElo "2487"]
[PlyCount "119"]
[EventDate "2019.??.??"]

1. e4 e5 2. Nf3 Nf6 3. Nxe5 d6 4. Nf3 Nxe4 5. Nc3 Nxc3 6. dxc3 Be7 7. Be3 Nc6
8. Qd2 Bf5 9. O-O-O Qd7 10. Be2 a6 11. Kb1 Rg8 12. Nd4 Nxd4 13. Qxd4 Bf6 14.
Qb4 O-O-O 15. Rd5 Be6 16. Ra5 c5 17. Qa3 Kb8 18. Rd1 Qc7 19. Bf4 Be5 20. Bxe5
dxe5 21. Qxc5 Qxc5 22. Rxc5 f6 23. Kc1 Rxd1+ 24. Bxd1 g5 25. h3 g4 26. hxg4
Bxg4 27. g3 h5 28. Rc4 f5 29. Rc5 Re8 30. Bxg4 fxg4 31. Kd2 Rf8 32. Ke2 Rf5 33.
a4 b6 34. Rc6 Kb7 35. Rd6 Kc7 36. Rd5 a5 37. c4 Kb7 38. c3 Kc6 39. b4 Rf3 40.
Rd3 Rf8 41. bxa5 bxa5 42. Rd5 Rf3 43. Rxa5 e4 44. Re5 Rxc3 45. Rxe4 Ra3 46.
Re6+ Kd7 47. Re5 Rxa4 48. c5 h4 49. gxh4 Kc6 50. Kf1 Ra3 51. Kg2 Rh3 52. Rh5
Kb5 53. Rh8 Kxc5 54. h5 Kd6 55. h6 Ke7 56. h7 Kf7 57. Ra8 Rxh7 58. Ra7+ Kg6 59.
Rxh7 Kxh7 60. Kg3 1-0

[Event "BL 1920 Aachener SV - Hamburger SK"]
[Site "?"]
[Date "2019.12.08"]
[Round "4.3"]
[White "Engel, Luis"]
[Black "Piceu, Tom"]
[Result "1-0"]
[WhiteElo "2531"]
[BlackElo "2375"]
[PlyCount "75"]
[EventDate "2019.??.??"]

1. e4 c5 2. Nf3 d6 3. d4 cxd4 4. Nxd4 Nf6 5. Nc3 a6 6. Be3 e5 7. Nb3 Be6 8. f3
Be7 9. Qd2 h5 10. Nd5 Nxd5 11. exd5 Bf5 12. Be2 Nd7 13. O-O Rc8 14. c4 b6 15.
a4 a5 16. f4 g6 17. Rac1 Nf6 18. Bd3 Bxd3 19. Qxd3 Ng4 20. Bd2 exf4 21. Bxf4
O-O 22. Nd4 Qd7 23. b3 Ne5 24. Qg3 Qg4 25. Qe3 Bf6 26. Nb5 Qd7 27. Qxb6 Nd3 28.
Qxd6 Qxd6 29. Bxd6 Nxc1 30. Bxf8 Kxf8 31. Rxc1 Bg5 32. Re1 Bd2 33. Re5 Rc5 34.
Nd6 Bf4 35. Re8+ Kg7 36. Ne4 Rc7 37. d6 Be3+ 38. Nf2 1-0

[Event "BL 1920 Aachener SV - Hamburger SK"]
[Site "?"]
[Date "2019.12.08"]
[Round "4.4"]
[White "Lemmers, Oscar"]
[Black "Lampert, Jonas"]
[Result "1/2-1/2"]
[WhiteElo "2354"]
[BlackElo "2532"]
[PlyCount "60"]
[EventDate "2019.??.??"]

1. e4 e5 2. Nc3 Nf6 3. Nf3 Nc6 4. d4 exd4 5. Nxd4 Bb4 6. Nxc6 bxc6 7. Bd3 O-O
8. O-O d5 9. exd5 Bg4 10. Ne2 cxd5 11. c4 Re8 12. Qc2 Bd6 13. h3 Bd7 14. c5 Bf8
15. c6 Bc8 16. Bf4 Bd6 17. Bxd6 Qxd6 18. Nd4 Qb4 19. Qc3 Rb8 20. Rab1 Ne4 21.
Rfe1 Ba6 22. Qxb4 Rxb4 23. Nc2 Bxd3 24. Nxb4 Bxb1 25. Rxb1 Nf6 26. Rd1 Rd8 27.
Na6 Ne8 28. Nb4 Nf6 29. Na6 Rc8 30. Nb4 Rd8 1/2-1/2

[Event "BL 1920 Aachener SV - Hamburger SK"]
[Site "?"]
[Date "2019.12.08"]
[Round "4.5"]
[White "Ernst, Sipke"]
[Black "Meessen, Rudolf"]
[Result "1-0"]
[WhiteElo "2541"]
[BlackElo "2217"]
[PlyCount "75"]
[EventDate "2019.??.??"]

1. Nf3 Nf6 2. d4 e6 3. c4 d5 4. g3 dxc4 5. Bg2 a6 6. O-O Nc6 7. Bg5 h6 8. Bxf6
Qxf6 9. e3 Rb8 10. Nbd2 b5 11. b3 cxb3 12. axb3 Rb6 13. Ne4 Qd8 14. Qe2 Bd6 15.
Rfd1 O-O 16. Rac1 Qe7 17. Ne1 Nb4 18. Qd2 a5 19. Ra1 Bb7 20. Rxa5 Rd8 21. Ra7
Ra8 22. Rxa8+ Bxa8 23. Nxd6 Bxg2 24. Nc8 Qf8 25. Nxb6 Bc6 26. Nc2 Na6 27. d5
Bb7 28. Nd7 Qd6 29. dxe6 Qxe6 30. f3 c5 31. e4 Qxb3 32. Ne3 c4 33. Rc1 f5 34.
Nxf5 Qxf3 35. Nf6+ gxf6 36. Qd8+ Kf7 37. Qe7+ Kg6 38. Nh4+ 1-0

[Event "BL 1920 Aachener SV - Hamburger SK"]
[Site "?"]
[Date "2019.12.08"]
[Round "4.6"]
[White "Begnis, Nikolaos"]
[Black "Heinemann, Thies"]
[Result "0-1"]
[WhiteElo "2279"]
[BlackElo "2492"]
[PlyCount "78"]
[EventDate "2019.??.??"]

1. e4 c5 2. d4 cxd4 3. c3 dxc3 4. Nxc3 Nc6 5. Nf3 d6 6. Bc4 a6 7. O-O Nf6 8.
Bf4 e6 9. Qe2 Be7 10. Rfd1 Qc7 11. Rac1 Qb8 12. e5 Nh5 13. Bg5 dxe5 14. Bxe7
Nf4 15. Qe3 Nxe7 16. Ne4 O-O 17. Nd6 f6 18. a4 Nfd5 19. Qa3 Bd7 20. Ne4 b6 21.
Ba2 Ra7 22. Bb1 Rc8 23. Nfd2 Rxc1 24. Rxc1 Rc7 25. Re1 Nf5 26. Nc3 Qf8 27. Qa2
Nxc3 28. bxc3 Nh4 29. Ne4 f5 30. Ng5 Qf6 31. f4 h6 32. Nh3 e4 33. Qf2 b5 34.
axb5 Bxb5 35. Ba2 Rxc3 36. Qb6 Rc6 37. Qb8+ Kh7 38. Rd1 Qb2 39. Nf2 e3 0-1

[Event "BL 1920 Aachener SV - Hamburger SK"]
[Site "?"]
[Date "2019.12.08"]
[Round "4.7"]
[White "Rogozenco, Dorian"]
[Black "Ahn, Martin"]
[Result "1-0"]
[WhiteElo "2472"]
[BlackElo "2156"]
[PlyCount "49"]
[EventDate "2019.??.??"]

1. d4 Nf6 2. c4 g6 3. g3 Bg7 4. Bg2 O-O 5. Nc3 d6 6. Nf3 Nbd7 7. O-O e5 8. e4
Re8 9. h3 exd4 10. Nxd4 a6 11. Qc2 Nxe4 12. Nxe4 Bxd4 13. Bg5 f6 14. Rad1 c5
15. Be3 Bxe3 16. fxe3 f5 17. Nxd6 Rxe3 18. Qd2 Re7 19. Qg5 Re8 20. Bd5+ Kg7 21.
Nxe8+ Qxe8 22. Rde1 Qf8 23. Re7+ Kh8 24. Rf7 Qd6 25. Qd8+ 1-0

[Event "BL 1920 Aachener SV - Hamburger SK"]
[Site "?"]
[Date "2019.12.08"]
[Round "4.8"]
[White "Rache, Ralf"]
[Black "Sebastian, Dirk"]
[Result "0-1"]
[WhiteElo "1873"]
[BlackElo "2456"]
[PlyCount "57"]
[EventDate "2019.??.??"]

1. e4 e5 2. f4 exf4 3. Nf3 Nf6 4. Nc3 d5 5. exd5 Nxd5 6. Nxd5 Qxd5 7. d4 Be7 8.
Be2 g5 9. O-O Nc6 10. c4 Qd6 11. d5 Ne5 12. Bd2 Bf6 13. Bc3 Nxf3+ 14. Rxf3 O-O
15. Rc1 Bf5 16. Rf2 Bxc3 17. Rxc3 Bg6 18. Bh5 Rae8 19. Bxg6 hxg6 20. Re2 Qc5+
21. Kf1 Kg7 22. Qe1 Rxe2 23. Qxe2 Qd4 24. Rc2 Qf6 25. Rc1 Rh8 26. Re1 Rxh2 27.
Kg1 Rh4 28. b3 Qd4+ 29. Qf2 0-1

[Event "BL 1920 BCA Augsburg - SF Berlin"]
[Site "?"]
[Date "2019.12.08"]
[Round "4.1"]
[White "Piorun, Kacper"]
[Black "Papp, Gabor"]
[Result "1/2-1/2"]
[WhiteElo "2611"]
[BlackElo "2582"]
[PlyCount "41"]
[EventDate "2019.??.??"]

1. e4 e5 2. Nf3 Nf6 3. Nxe5 d6 4. Nf3 Nxe4 5. d4 d5 6. Bd3 Bd6 7. O-O O-O 8. c4
c6 9. cxd5 cxd5 10. Nc3 Re8 11. Re1 Nxc3 12. Rxe8+ Qxe8 13. bxc3 Nd7 14. Bd2 h6
15. Qb3 Nb6 16. Re1 Be6 17. Nh4 Qd7 18. Qd1 Nc4 19. Bc1 Re8 20. h3 Qd8 21. Nf5
1/2-1/2

[Event "BL 1920 BCA Augsburg - SF Berlin"]
[Site "?"]
[Date "2019.12.08"]
[Round "4.2"]
[White "Nestorovic, Nikola"]
[Black "Tomczak, Jacek"]
[Result "1/2-1/2"]
[WhiteElo "2469"]
[BlackElo "2605"]
[PlyCount "106"]
[EventDate "2019.??.??"]

1. e4 c5 2. Nf3 d6 3. d4 cxd4 4. Nxd4 Nf6 5. Nc3 a6 6. Be2 e5 7. Nb3 Be7 8. g4
h6 9. Be3 Be6 10. Rg1 Nbd7 11. h4 Nh7 12. g5 hxg5 13. hxg5 Bxg5 14. Bxg5 Nxg5
15. Qxd6 Nh3 16. Rh1 Rh6 17. Qd2 Qf6 18. Rh2 Rd8 19. Nd5 Bxd5 20. exd5 Nf4 21.
Rxh6 Qxh6 22. Bf3 Nb6 23. Na5 f5 24. Nxb7 Rb8 25. d6 e4 26. d7+ Nxd7 27. Nd6+
Kf8 28. Nxf5 Qg5 29. Qxd7 Rd8 30. Qxg7+ Qxg7 31. Nxg7 exf3 32. Nf5 Ng2+ 33. Kf1
Rd5 34. Ng3 Rd2 35. Rc1 Ke7 36. a4 Ke6 37. Ne4 Rd5 38. c4 Rh5 39. Ng3 Re5 40.
c5 Kd7 41. b4 Nf4 42. b5 axb5 43. axb5 Ne6 44. Rd1+ Kc8 45. Re1 Rxe1+ 46. Kxe1
Nxc5 47. Kd2 Kc7 48. Nf5 Kb6 49. Nd4 Nd7 50. Ke3 Kc5 51. Ke4 Nb6 52. Nxf3 Kxb5
53. Ne5 Kc5 1/2-1/2

[Event "BL 1920 BCA Augsburg - SF Berlin"]
[Site "?"]
[Date "2019.12.08"]
[Round "4.3"]
[White "Moranda, Wojciech"]
[Black "Prusikin, Michael"]
[Result "1/2-1/2"]
[WhiteElo "2602"]
[BlackElo "2528"]
[PlyCount "70"]
[EventDate "2019.??.??"]

1. e4 e6 2. d4 d5 3. Nd2 c5 4. Ngf3 cxd4 5. Nxd4 Nc6 6. Bb5 Bd7 7. Nxc6 bxc6 8.
Bd3 Bd6 9. Qe2 Ne7 10. Nf3 c5 11. c3 Bc6 12. O-O dxe4 13. Bxe4 Qc7 14. Bg5 Ng6
15. Rad1 Rb8 16. Rd2 O-O 17. Bxc6 Qxc6 18. Qc4 h6 19. Be3 Ne7 20. Bf4 Bxf4 21.
Qxf4 Qa6 22. Ne5 Nd5 23. Qf3 Qxa2 24. Nd7 a5 25. Nxf8 Kxf8 26. Qe2 c4 27. f4 g6
28. g4 Qb3 29. f5 Qb6+ 30. Rd4 exf5 31. Qe5 Nf6 32. gxf5 g5 33. Qd6+ Qxd6 34.
Rxd6 Kg7 35. Rd2 Rb5 1/2-1/2

[Event "BL 1920 BCA Augsburg - SF Berlin"]
[Site "?"]
[Date "2019.12.08"]
[Round "4.4"]
[White "Rozentalis, Eduardas"]
[Black "Moroni, Luca Jr"]
[Result "1/2-1/2"]
[WhiteElo "2535"]
[BlackElo "2528"]
[PlyCount "41"]
[EventDate "2019.??.??"]

1. e4 e5 2. Nf3 Nc6 3. Bb5 a6 4. Bxc6 dxc6 5. O-O f6 6. d4 Bg4 7. dxe5 Qxd1 8.
Rxd1 fxe5 9. Rd3 Bd6 10. Nbd2 b5 11. b3 Ne7 12. a4 O-O 13. Bb2 Ng6 14. g3 Rf6
15. Kg2 Raf8 16. axb5 axb5 17. Ra6 c5 18. c4 b4 19. Re3 Ne7 20. h3 Bh5 21. Ba1
1/2-1/2

[Event "BL 1920 BCA Augsburg - SF Berlin"]
[Site "?"]
[Date "2019.12.08"]
[Round "4.5"]
[White "Gumularz, Szymon"]
[Black "Stankovic, Milos"]
[Result "1-0"]
[WhiteElo "2493"]
[BlackElo "2467"]
[PlyCount "137"]
[EventDate "2019.??.??"]

1. c4 e5 2. g3 Nc6 3. Bg2 g6 4. Nc3 Bg7 5. Rb1 a5 6. e3 Nge7 7. Nge2 d6 8. a3
Bf5 9. d3 Qd7 10. h3 O-O 11. b4 axb4 12. axb4 Be6 13. Nd5 Nd8 14. Nxe7+ Qxe7
15. O-O Qd7 16. Kh2 d5 17. Qc2 c6 18. Bb2 f6 19. cxd5 Bxd5 20. e4 Be6 21. d4
Nf7 22. f4 b5 23. d5 cxd5 24. f5 Qc8 25. Qc5 gxf5 26. exd5 Bd7 27. d6 Ra6 28.
Rfd1 Qb8 29. Ra1 Rxa1 30. Rxa1 Rc8 31. Ra8 Qxa8 32. Bxa8 Rxc5 33. bxc5 Nd8 34.
Nc3 Kf7 35. Bd5+ Ke8 36. Na2 Bc6 37. Bg8 h5 38. Nb4 Be4 39. Bc1 Kd7 40. Be3 Nc6
41. Nxc6 Bxc6 42. h4 Bf3 43. Kg1 Be2 44. Bb3 Bc4 45. Bc2 Be6 46. Kf2 f4 47.
gxf4 f5 48. Bd1 e4 49. Be2 Bc4 50. Bxh5 b4 51. Be2 Ba2 52. Bb5+ Ke6 53. Ke2 Kd5
54. d7 Bf6 55. c6 Bd8 56. h5 Kd6 57. Bd4 Kc7 58. h6 Bg8 59. Kd2 Bh7 60. Kc2 Bg8
61. Kb2 e3 62. Bxe3 Bf6+ 63. Kb1 b3 64. Bd2 Kb6 65. Bc3 Bd8 66. Bc4 Bh7 67. Bd5
Kc5 68. Be5 Kxd5 69. c7 1-0

[Event "BL 1920 BCA Augsburg - SF Berlin"]
[Site "?"]
[Date "2019.12.08"]
[Round "4.6"]
[White "Arnaudov, G. Petar"]
[Black "Baldauf, Marco"]
[Result "1/2-1/2"]
[WhiteElo "2478"]
[BlackElo "2504"]
[PlyCount "46"]
[EventDate "2019.??.??"]

1. e4 c6 2. Nf3 d5 3. Nc3 dxe4 4. Nxe4 Nf6 5. Qe2 Nxe4 6. Qxe4 Qa5 7. Qf4 Qf5
8. Qe3 Qxc2 9. Bd3 Qa4 10. b3 Qa5 11. Bb2 Na6 12. O-O f6 13. Rfe1 Bd7 14. a3
Nc7 15. b4 Qh5 16. Rac1 e6 17. Be2 Qf7 18. Bc4 Bd6 19. Qd3 Qe7 20. Nh4 e5 21.
Nf5 Bxf5 22. Qxf5 Qd7 23. Qh5+ g6 1/2-1/2

[Event "BL 1920 BCA Augsburg - SF Berlin"]
[Site "?"]
[Date "2019.12.08"]
[Round "4.7"]
[White "Jakubowski, Krzysztof"]
[Black "Schmittdiel, Eckhard"]
[Result "1-0"]
[WhiteElo "2503"]
[BlackElo "2403"]
[PlyCount "67"]
[EventDate "2019.??.??"]

1. d4 d5 2. c4 e6 3. Nc3 Nf6 4. cxd5 exd5 5. Bg5 Be7 6. e3 c6 7. Bd3 Nbd7 8.
Qc2 h6 9. Bh4 O-O 10. Nge2 Re8 11. f3 b5 12. Bf2 Nb6 13. Ng3 Bf8 14. b3 Bd7 15.
O-O Rc8 16. Nce2 a5 17. Kh1 c5 18. dxc5 Bxc5 19. Qd2 Bb4 20. Qb2 g6 21. Rad1
Qe7 22. Nd4 Bc3 23. Qb1 Bxd4 24. exd4 Na8 25. Rfe1 Qf8 26. Rxe8 Bxe8 27. Rc1
Rxc1+ 28. Qxc1 Bd7 29. Be3 h5 30. Ne2 Ne8 31. Bf4 Ng7 32. Nc3 Be6 33. Nxb5 Nf5
34. h3 1-0

[Event "BL 1920 BCA Augsburg - SF Berlin"]
[Site "?"]
[Date "2019.12.08"]
[Round "4.8"]
[White "Pitl, Gregory"]
[Black "Perske, Thore"]
[Result "1/2-1/2"]
[WhiteElo "2376"]
[BlackElo "2448"]
[PlyCount "45"]
[EventDate "2019.??.??"]

1. d4 Nf6 2. Bg5 e6 3. e4 h6 4. Bxf6 Qxf6 5. c3 d6 6. Bc4 g6 7. Ne2 Bg7 8. O-O
O-O 9. Nd2 e5 10. f4 exd4 11. Nxd4 Nc6 12. N2b3 Nxd4 13. Nxd4 c6 14. a4 Qe7 15.
Qf3 d5 16. exd5 Qc5 17. b3 Bxd4+ 18. cxd4 Qxd4+ 19. Kh1 cxd5 20. Bxd5 Rb8 21.
Rfd1 Qf6 22. Rac1 Be6 23. h3 1/2-1/2

[Event "BL 1920 FC Bayern München - USV TU Dre"]
[Site "?"]
[Date "2019.12.08"]
[Round "4.1"]
[White "Almasi, Zoltan"]
[Black "Huschenbeth, Niclas"]
[Result "1-0"]
[WhiteElo "2691"]
[BlackElo "2619"]
[PlyCount "119"]
[EventDate "2019.??.??"]

1. Nf3 d5 2. b3 Nf6 3. Bb2 c5 4. e3 e6 5. Bb5+ Bd7 6. Be2 Nc6 7. O-O Bd6 8. c4
O-O 9. cxd5 Nxd5 10. a3 e5 11. d3 f5 12. Nbd2 Qe7 13. Re1 Kh8 14. Qc2 Rac8 15.
Bf1 b5 16. Qb1 Nb6 17. d4 e4 18. dxc5 Bxc5 19. b4 exf3 20. bxc5 fxg2 21. Bxb5
Qxc5 22. a4 Rfd8 23. Nf3 Qd5 24. e4 fxe4 25. Qxe4 Qxe4 26. Rxe4 Re8 27. Rh4 Bf5
28. Rf4 Bg6 29. Rc1 Re4 30. Rxe4 Bxe4 31. Nh4 Na5 32. Re1 Nac4 33. Bxg7+ Kxg7
34. Rxe4 Kf6 35. Nf3 Nd6 36. Rf4+ Ke6 37. Rh4 Nd5 38. Nd4+ Ke5 39. Nc6+ Ke6 40.
Nd4+ Ke5 41. Nc6+ Ke6 42. Nxa7 Rc7 43. Nc6 Nxb5 44. axb5 Rg7 45. Rh6+ Kd7 46.
Ne5+ Kc7 47. Nd3 Rg4 48. h3 Rg7 49. Rc6+ Kb8 50. Rc5 Nc7 51. Re5 Ka7 52. Nb2
Rg6 53. Nc4 Ne6 54. Re4 Kb8 55. Ne5 Rh6 56. Kxg2 Ng5 57. Re3 Kc7 58. Nc4 Rh4
59. b6+ Kc6 60. Re7 1-0

[Event "BL 1920 FC Bayern München - USV TU Dre"]
[Site "?"]
[Date "2019.12.08"]
[Round "4.2"]
[White "Bogner, Sebastian"]
[Black "Nisipeanu, Liviu-Dieter"]
[Result "1/2-1/2"]
[WhiteElo "2565"]
[BlackElo "2668"]
[PlyCount "119"]
[EventDate "2019.??.??"]

1. d4 d5 2. c4 e6 3. Nf3 dxc4 4. e3 Nf6 5. Bxc4 c5 6. O-O a6 7. Bb3 cxd4 8.
exd4 Nc6 9. Nc3 Be7 10. Bg5 O-O 11. Qd2 b5 12. d5 Nb4 13. dxe6 Bxe6 14. Bxe6
Qxd2 15. Bxf7+ Rxf7 16. Bxd2 Nd3 17. Ng5 Rff8 18. Ne6 Rf7 19. Ng5 Rff8 20. Rab1
Rfe8 21. Nge4 Nxe4 22. Nxe4 Bf8 23. f3 Rac8 24. Bc3 b4 25. Rfd1 Rxe4 26. Rxd3
Rec4 27. Bd2 a5 28. Kf1 a4 29. Ke2 Be7 30. Kd1 Bf6 31. b3 axb3 32. axb3 Rh4 33.
h3 Ra8 34. Rc1 h6 35. f4 Bc3 36. Bxc3 bxc3 37. Rf3 Rd8+ 38. Ke1 Rd2 39. g4 h5
40. gxh5 Rb2 41. Rcxc3 Rxh5 42. Kd1 Ra5 43. Rc2 Rb1+ 44. Kd2 Rd5+ 45. Kc3 Rc5+
46. Kd2 Rd5+ 47. Ke2 Rb5 48. Rcc3 Rb2+ 49. Kf1 Rb4 50. Kg1 Kh7 51. f5 Rb5 52.
h4 Rb4 53. Rg3 Rxh4 54. Rh3 Rxh3 55. Rxh3+ Kg8 56. Kf1 Kf7 57. Ke1 Kf6 58. Rf3
Rg2 59. Kd1 Rg5 60. b4 1/2-1/2

[Event "BL 1920 FC Bayern München - USV TU Dre"]
[Site "?"]
[Date "2019.12.08"]
[Round "4.3"]
[White "Gajewski, Grzegorz"]
[Black "Santos Ruiz, Miguel"]
[Result "0-1"]
[WhiteElo "2626"]
[BlackElo "2585"]
[PlyCount "66"]
[EventDate "2019.??.??"]

1. d4 Nf6 2. Nf3 d5 3. Bf4 c5 4. e3 Nc6 5. Nbd2 Nh5 6. dxc5 Nxf4 7. exf4 Qa5 8.
Bd3 Qxc5 9. O-O g6 10. Ne5 Bg7 11. Re1 Qb4 12. g3 Qxb2 13. c4 Be6 14. Rb1 Qxa2
15. Nxc6 bxc6 16. f5 Bxf5 17. Bxf5 gxf5 18. Rb7 O-O 19. Rexe7 dxc4 20. Nf1 c3
21. Ne3 Rad8 22. Qc1 a5 23. Nxf5 Qd2 24. Re1 Rfe8 25. Ne3 Rxe3 26. fxe3 c2 27.
Rb8 Qxe1+ 28. Qxe1 Rxb8 29. Qd2 Rb1+ 30. Kg2 Bf6 31. Qd7 c1=Q 32. Qc8+ Kg7 33.
Qg4+ Kf8 0-1

[Event "BL 1920 FC Bayern München - USV TU Dre"]
[Site "?"]
[Date "2019.12.08"]
[Round "4.4"]
[White "Bischoff, Klaus"]
[Black "Vogel, Roven"]
[Result "1/2-1/2"]
[WhiteElo "2510"]
[BlackElo "2457"]
[PlyCount "46"]
[EventDate "2019.??.??"]

1. c4 e6 2. Nc3 d5 3. d4 Bb4 4. cxd5 exd5 5. a3 Bxc3+ 6. bxc3 c5 7. e3 Nf6 8.
Bd3 O-O 9. Ne2 b6 10. f3 Re8 11. O-O h5 12. Re1 Ba6 13. Bb1 Nc6 14. Ng3 g6 15.
Ra2 Qd6 16. Rd2 h4 17. Nh1 Rac8 18. Nf2 cxd4 19. cxd4 Na5 20. Ba2 Nc4 21. Rd3
Na5 22. Rd2 Nc4 23. Rd3 Na5 1/2-1/2

[Event "BL 1920 FC Bayern München - USV TU Dre"]
[Site "?"]
[Date "2019.12.08"]
[Round "4.5"]
[White "Boensch, Uwe"]
[Black "Johansson, Linus"]
[Result "0-1"]
[WhiteElo "2519"]
[BlackElo "2470"]
[PlyCount "92"]
[EventDate "2019.??.??"]

1. d4 Nf6 2. c4 e6 3. Nf3 c5 4. d5 d6 5. Nc3 exd5 6. cxd5 g6 7. e4 Bg7 8. h3
O-O 9. Bd3 Nh5 10. Bg5 Bf6 11. Bh6 Bg7 12. Bg5 Bf6 13. Be3 Nd7 14. g4 Ng7 15.
Qd2 a6 16. Bf4 Ne8 17. a4 Qe7 18. Kf1 Rb8 19. Kg2 Nc7 20. Rhe1 Bg7 21. Bf1 f6
22. Rab1 Ne5 23. b4 cxb4 24. Rxb4 h5 25. Nxe5 fxe5 26. Bg5 Bf6 27. Bxf6 Qxf6
28. g5 Qd8 29. f3 h4 30. Kf2 Ne8 31. Qe3 Ng7 32. Bxa6 Nh5 33. Bf1 Nf4 34. Ne2
Qxg5 35. Nxf4 Rxf4 36. Ke2 Bd7 37. Kd2 Rbf8 38. Be2 Bxh3 39. Rg1 Bg2 40. Rxb7
h3 41. Bf1 Qg3 42. Bxg2 hxg2 43. Qe2 Rxf3 44. Rxg2 Qf4+ 45. Kd1 Rf1+ 46. Kc2
Qc1+ 0-1

[Event "BL 1920 FC Bayern München - USV TU Dre"]
[Site "?"]
[Date "2019.12.08"]
[Round "4.6"]
[White "Fedorovsky, Michael"]
[Black "Maiwald, Jens-Uwe"]
[Result "1/2-1/2"]
[WhiteElo "2425"]
[BlackElo "2443"]
[PlyCount "46"]
[EventDate "2019.??.??"]

1. d4 Nf6 2. c4 g6 3. Nc3 Bg7 4. e4 d6 5. Nf3 O-O 6. Be2 e5 7. O-O Nc6 8. d5
Ne7 9. Ne1 Ne8 10. f4 exf4 11. Bxf4 h6 12. Nf3 g5 13. Bg3 f5 14. exf5 Nxf5 15.
Bf2 g4 16. Nd4 Nxd4 17. Bxd4 Rxf1+ 18. Bxf1 Bf5 19. Bxg7 Nxg7 20. Qd2 h5 21.
Re1 a6 22. Bd3 Qf6 23. Qf2 Rf8 1/2-1/2

[Event "BL 1920 FC Bayern München - USV TU Dre"]
[Site "?"]
[Date "2019.12.08"]
[Round "4.7"]
[White "Loxine, Jakov"]
[Black "Lokander, Martin"]
[Result "1/2-1/2"]
[WhiteElo "2394"]
[BlackElo "2397"]
[PlyCount "56"]
[EventDate "2019.??.??"]

1. Nf3 Nf6 2. g3 d5 3. Bg2 g6 4. b3 Bg7 5. Bb2 O-O 6. c4 e6 7. O-O b6 8. cxd5
exd5 9. d4 Bb7 10. Nc3 Na6 11. Ba3 Re8 12. Qc2 c5 13. Rad1 Nb4 14. Qb1 a5 15.
Rfe1 Qe7 16. Bb2 Bc8 17. Nh4 cxd4 18. Nb5 d3 19. exd3 Qd7 20. Rxe8+ Nxe8 21.
Bxg7 Nxg7 22. Nc3 Bb7 23. a3 Na6 24. d4 Rc8 25. Qd3 Nc7 26. Nf3 Qd6 27. a4 Ba6
28. Qd2 f6 1/2-1/2